<?xml version="1.0" encoding="UTF-8"?>
<record
    xmlns:xsi="http://www.w3.org/2001/XMLSchema-instance"
    xsi:schemaLocation="http://www.loc.gov/MARC21/slim http://www.loc.gov/standards/marcxml/schema/MARC21slim.xsd"
    xmlns="http://www.loc.gov/MARC21/slim">

  <leader>00895nam a2200205 i 4500</leader>
  <controlfield tag="001">85309</controlfield>
  <controlfield tag="003">ES-MaACL</controlfield>
  <controlfield tag="005">20250818173852.0</controlfield>
  <controlfield tag="007">t|</controlfield>
  <controlfield tag="008">041126s1954    sp           ||||1| spa d</controlfield>
  <datafield tag="100" ind1="1" ind2=" ">
    <subfield code="a">Jordan de Urries y Azara, Jaime.</subfield>
    <subfield code="9">66920</subfield>
  </datafield>
  <datafield tag="245" ind1="1" ind2="0">
    <subfield code="a">Mapa forestal de la provincia de L&#xE9;rida </subfield>
    <subfield code="b">: memoria adjunta al mapa / </subfield>
    <subfield code="c">trabajo por Jaime Jord&#xE1;n de Urries y Azara ; pr&#xF3;logo de Luis Ceballos y Fern&#xE1;ndez de C&#xF3;rdoba.</subfield>
  </datafield>
  <datafield tag="260" ind1=" " ind2=" ">
    <subfield code="a">Madrid : </subfield>
    <subfield code="b">[Ministerio de Agricultura, Instituto Forestal de Investigaciones y Experiencias], </subfield>
    <subfield code="c">1954 (</subfield>
    <subfield code="f">Tip. Art&#xED;stica)</subfield>
  </datafield>
  <datafield tag="300" ind1=" " ind2=" ">
    <subfield code="a">2 v. : </subfield>
    <subfield code="b">20 l&#xE1;m., map. ; </subfield>
    <subfield code="c">27 cm.</subfield>
  </datafield>
  <datafield tag="650" ind1=" " ind2="4">
    <subfield code="a">Bosques-</subfield>
    <subfield code="z">L&#xE9;rida (Provincia)</subfield>
    <subfield code="9">171361</subfield>
  </datafield>
  <datafield tag="700" ind1="1" ind2=" ">
    <subfield code="a">Ceballos y Fern&#xE1;ndez de C&#xF3;rdoba, Luis, </subfield>
    <subfield code="d">1896-1967</subfield>
    <subfield code="9">37284</subfield>
  </datafield>
  <datafield tag="710" ind1="2" ind2=" ">
    <subfield code="a">Instituto Forestal de Investigaciones y Experiencias.</subfield>
    <subfield code="9">5059</subfield>
  </datafield>
  <datafield tag="852" ind1=" " ind2=" ">
    <subfield code="a">ES-MaACL</subfield>
    <subfield code="j">C-8330-31</subfield>
  </datafield>
  <datafield tag="999" ind1=" " ind2=" ">
    <subfield code="c">85309</subfield>
    <subfield code="d">85309</subfield>
  </datafield>
  <datafield tag="952" ind1=" " ind2=" ">
    <subfield code="0">0</subfield>
    <subfield code="1">0</subfield>
    <subfield code="4">0</subfield>
    <subfield code="7">0</subfield>
    <subfield code="a">ATENEOM</subfield>
    <subfield code="b">ATENEOM</subfield>
    <subfield code="c">SPAL</subfield>
    <subfield code="d">2008-01-17</subfield>
    <subfield code="e">SC</subfield>
    <subfield code="l">0</subfield>
    <subfield code="o">C-8330-31</subfield>
    <subfield code="p">1089148</subfield>
    <subfield code="r">2023-02-23 00:00:00</subfield>
    <subfield code="w">2023-02-23</subfield>
    <subfield code="y">MONOGRAFIA</subfield>
  </datafield>
</record>
